000 00306nam a22001457a 4500
008 221010b ||||| |||| 00| 0 eng d
020 _a9780078252013
041 _aeng
080 _a51
082 _a51 WILL
100 _a22.2
101 _aMATE
245 _aPRE-ALGEBRA
_cWILLARD M
942 _2udc
_cBK
999 _c58459
_d58459